| 000 | 00868nas a2200265Ia 4500 | ||
|---|---|---|---|
| 001 | A50/R190-15039 [r000013330] | ||
| 003 | IT-MiCISF | ||
| 008 | 161014c99999999xx |||||||||||| ||und|| | ||
| 040 |
_aIT-MiCISF _cIT-MiCISF |
||
| 041 | _aITALIANO | ||
| 100 | _aGosso Pier Giorgio | ||
| 210 | _aProspettive assistenziali | ||
| 222 | _aProspettive assistenziali | ||
| 245 | 0 | _aLe persone singole e le famiglie di fatto di fronte all'adozione | |
| 250 | _a1a ed. | ||
| 260 | _c1994 | ||
| 501 |
_bCISF - Centro Internazionale Studi Famiglia - Via Giotto, 36 20145 MILANO (non commercial uses only) _cCopyright 2016 |
||
| 300 | _app. 6-9 | ||
| 362 | _an. 107, luglio-settembre [1994] | ||
| 500 | _a Tema: adozione, single, convivenza, legislazione | ||
| 650 |
_aADOZIONE, AFFIDO _varticolo |
||
| 700 | _aAA.VV. | ||
| 942 | _cCR | ||
| 957 | _71 | ||
| 999 |
_a15039 _bSi _g1 _c227513 _d227513 |
||